Λόγου τέχνη διαδικτυακός τόπος για την εκμάθηση της Ελληνικής γλώσσας με χρήση λογοτεχνικών κειμένων : μεταπτυχιακή εργασία

Αποθηκεύτηκε σε:
Λεπτομέρειες βιβλιογραφικής εγγραφής
Κύριος συγγραφέας: Κλαδογέννης, Δημήτριος - Ιάκωβος
Συγγραφή απο Οργανισμό/Αρχή: Πανεπιστήμιο Αιγαίου Σχολή Ανθρωπιστικών Σπουδών Τμήμα Δημοτικής Εκπαίδευσης
Άλλοι συγγραφείς: Κούρτη-Καζούλλη, Βασιλεία (dgsf)
Μορφή: Thesis Βιβλίο
Γλώσσα:Greek
Δημοσίευση: Ρόδος : Πανεπιστήμιο Αιγαίου, Παιδαγωγικό Τμήμα Δημοτικής Εκπαίδευσης, 2006.
Θέματα:
Ετικέτες: Προσθήκη ετικέτας
Δεν υπάρχουν, Καταχωρήστε ετικέτα πρώτοι!

MARC

LEADER 00000cam a2200000 i 4500
001 1/41936
008 070305s2006 gre d
035 |l 10087213 
040 |a GR-MY-UA  |b gre  |e aacr 
041 0 |a gre 
082 7 |a 418.0078   |2 (22) 
100 1 |a Κλαδογέννης, Δημήτριος - Ιάκωβος. 
245 1 0 |a Λόγου τέχνη διαδικτυακός τόπος για την εκμάθηση της Ελληνικής γλώσσας με χρήση λογοτεχνικών κειμένων :   |b μεταπτυχιακή εργασία /   |c Κλαδογένη Δημητρίου - Ιακώβου ; Παπαντωνάκης Γεώργιος ; μέλη συμβουλευτικής επιτροπής: Σοφός Αλεβίζος, Καζούλη - Κούρτη Βασιλεία.  
260 |a Ρόδος :   |b Πανεπιστήμιο Αιγαίου, Παιδαγωγικό Τμήμα Δημοτικής Εκπαίδευσης,   |c 2006.  
300 |a 201 σ. ;   |c 30 εκ. 
502 |a Διατριβή (μεταπτυχιακή) – Πανεπιστήμιο Αιγαίου, Ρόδος, 2006. 
504 |a Βιβλιογραφία: σ. 195- 201.  
610 2 0 |a University of the Aegean  |x Dissertations. 
650 0 0 |a Language and languages  |x Study and teaching (Primary) 
650 0 0 |a Internet in education. 
650 0 0 |a Education  |x Computer network resources. 
650 0 0 |a Dissertations, Academic  |z Greece. 
700 1 |a Παπαντωνάκης, Γεώργιος Δ.,   |d 1950-  |e dgs 
700 1 |a Σοφός, Αλιβίζος,  |e dgs 
700 1 |a Κούρτη-Καζούλλη, Βασιλεία,  |e dgsf 
710 2 |a Πανεπιστήμιο Αιγαίου  |b Σχολή Ανθρωπιστικών Σπουδών  |b Τμήμα Δημοτικής Εκπαίδευσης. 
852 |a INST  |b RHODES  |c DIATR  |e 20070305  |h 418.0078 ΚΛΑ  |p 005400023798  |q 005400023798  |t MTXE  |y 23 
852 |a INST  |b RHODES  |c DIATR  |e 20070305  |h 418.0078 ΚΛΑ  |p 005400023811  |q 005400023811  |t MTXE  |y 23 
901 |a BIBL4-2007-1 
909 |a Ρ  |b 127286 
909 |a Ρ  |b 127287 
924 |a ΚΛΑΔΟΓΕΝΗΣ  |b ΔΗΜΗΤΡΙΟΣ-ΙΑΚΩΒΟΣ  |y Ρόδος  |z 2006-11 
970 |a ΜΙΣΣΟΣ  |b ΣΤΑΥΡΟΣ  |z 2007/03/05